01304nam a2200241 a 4500001001000000005001700010008004100027041000800068044000700076084002000083100004500103245008500148260003700233300002200270500022100292500030300513500000900816650005200825650005600877650003400933650004500967740005001012BRCA_246720190320203825.0191108s1832----sp-a---###---#000-0#spa-u aspa asp a107b.B47c18321 aCervantes Saavedra, Miguel ded1547-161610aEl Ingenioso Hidalgo Don Quijote de la Manchacpor Miguel de Cervantes Saavedra. aBarcelonabAntonio Bergnesc1832 a3 v.bil.c11 cm. aContenido : v 1. Primera parte. Dedicatoria. Prólogo del autor. Versos preliminares. Texto. -- v 2. Texto. -- v 3. Texto. -- v 4. Segunda parte. Dedicatoria. Prólogo del autor. Texto. -- v 5. Texto. -- v 6. Texto aEdición económica. Va adornada con las láminas de la edición de la Imprenta Real (1797), grabadas con finura por Alabern. A pesar de la pequeñez de los tomitos, los tipos son muy claros y legibles, de impresión excelente. Semipiel; lomeras adornadas con filetes dorados Lúdovik Osterc aQM9014aNovela españolayÉpoca clásica, 1500-170014aLiteratura españolayÉpoca clásica, 1500-170014aNovela españolaySiglo XVII14aDon Quijote (Personaje ficticio)eNovela0 aEl Ingenioso Hidalgo Don Quijote de la Mancha